书目信息 |
| 题名: |
微电子IC制造技术与技能实训
|
|
| 作者: | 龙绪明 主编 | |
| 分册: | ||
| 出版信息: | 北京 电子工业出版社 2016.8 |
|
| 页数: | 292页 | |
| 开本: | 26cm | |
| 丛书名: | ||
| 单 册: | ||
| 中图分类: | TN405 | |
| 科图分类: | ||
| 主题词: | 微电子技术--生产工艺--教材 | |
| 电子资源: | ||
| ISBN: | 978-7-121-29709-0 | |
| 000 | 00803nam0 2200241 450 | |
| 001 | 0400002299 | |
| 005 | 20171020161523.0 | |
| 010 | @a978-7-121-29709-0@dCNY49.80 | |
| 100 | @a20160920d2016 em y0chiy50 ea | |
| 101 | 0 | @achi |
| 102 | @aCN@b110000 | |
| 105 | @aa z 000yy | |
| 106 | @ar | |
| 200 | 1 | @a微电子IC制造技术与技能实训@9wei dian zi IC zhi zao ji shu yu ji neng shi xun@f龙绪明主编 |
| 210 | @a北京@c电子工业出版社@d2016.8 | |
| 215 | @a292页@c图@d26cm | |
| 300 | @a创新型人才培养“十三五”规划教材 | |
| 330 | @a本书内容包括:概论、经典集成电路制造技术、IC芯片电路制造技术、微电子封装技术、微电子组装技术等。 | |
| 606 | 0 | @a微电子技术@x生产工艺@j教材 |
| 690 | @aTN405@v5 | |
| 701 | 0 | @a龙绪明@9long xu ming@4主编 |
| 801 | 0 | @aCN@b91MARC@c20171020 |
| 905 | @b1031965-9@dTN405@f5@e156 | |
| 微电子IC制造技术与技能实训/龙绪明主编.-北京:电子工业出版社,2016.8 |
| 292页:图;26cm |
| 创新型人才培养“十三五”规划教材 |
| ISBN 978-7-121-29709-0:CNY49.80 |
| 本书内容包括:概论、经典集成电路制造技术、IC芯片电路制造技术、微电子封装技术、微电子组装技术等。 |
| ● |
| 相关链接 |
|
|
|
|
正题名:微电子IC制造技术与技能实训
索取号:TN405/156
 
预约/预借
| 序号 | 登录号 | 条形码 | 馆藏地/架位号 | 状态 | 备注 |
| 1 | 1031965 | 210319653 | 第二样本阅览室/ [索取号:TN405/156] | 在馆 | |
| 2 | 1031966 | 210319662 | 密集书库-物理学院/ [索取号:TN405/156] | 在馆 | |
| 3 | 1031967 | 210319671 | 第三借阅区/ [索取号:TN405/156] | 在馆 | |
| 4 | 1031968 | 210319680 | 第三借阅区/ [索取号:TN405/156] | 在馆 | |
| 5 | 1031969 | 210319699 | 第三借阅区/ [索取号:TN405/156] | 在馆 |